Growth Disorders in children / (Record no. 1651)

MARC details
000 -LEADER
fixed length control field 00522nam a22001937a 4500
003 - CONTROL NUMBER IDENTIFIER
control field OSt
005 - DATE AND TIME OF LATEST TRANSACTION
control field 20150429144110.0
008 - FIXED-LENGTH DATA ELEMENTS--GENERAL INFORMATION
fixed length control field 150429b xxu||||| |||| 00| 0 eng d
020 ## - INTERNATIONAL STANDARD BOOK NUMBER
International Standard Book Number 0727908502
040 ## - CATALOGING SOURCE
Transcribing agency DNLM
082 ## - DEWEY DECIMAL CLASSIFICATION NUMBER
Classification number WE 250 B856g 1994
100 ## - MAIN ENTRY--PERSONAL NAME
Personal name Buckler J M H
9 (RLIN) 4356
245 ## - TITLE STATEMENT
Title Growth Disorders in children /
Statement of responsibility, etc. J M H Buckler
260 ## - PUBLICATION, DISTRIBUTION, ETC. (IMPRINT)
Place of publication, distribution, etc. London:
Name of publisher, distributor, etc. BMJ publishing Group;
Date of publication, distribution, etc. 1994
300 ## - PHYSICAL DESCRIPTION
Extent vii, 197 p :
Other physical details ill;
Dimensions 27 cm.
504 ## - BIBLIOGRAPHY, ETC. NOTE
Bibliography, etc Includes index
650 ## - SUBJECT ADDED ENTRY--TOPICAL TERM
Topical term or geographic name as entry element Growth dsorders
9 (RLIN) 4357
942 ## - ADDED ENTRY ELEMENTS (KOHA)
Source of classification or shelving scheme Other/Generic Classification Scheme
Koha item type Short Loan
Holdings
Withdrawn status Lost status Source of classification or shelving scheme Damaged status Not for loan Home library Current library Date acquired Source of acquisition Inventory number Total Checkouts Full call number Barcode Date last seen Price effective from Koha item type
    Other/Generic Classification Scheme     MUST Main Library MUST Main Library 29/04/2015   2004/21301   WE 250 B856g 1994 2015-1250 29/04/2015 29/04/2015 Short Loan